000 00484nam a22001577a 4500
999 _c13955
_d13955
008 190621b ||||| |||| 00| 0 eng d
020 _a9715503713
082 _21990
_aDFil 899.2113
_bP65
100 _aPineda, Macario
_920256
245 _aSuyuan sa tubigan/
_cMacario Pineda
260 _aQuezon City:
_bADMU Press,
_cc1990.
300 _aPages 78-87;
_b18 cm.
500 _aAng Ginto sa Makiling at iba pang kuwento
650 _aShort stories, Filipino
_938864
942 _2ddc
_cDFIL